00918cam a22002537a 4500003000500000005001700005008004100022010001000063011001000073035001000083040000900093082001700102100003500119245015500154260006500309300003900374410003700413490004500450650002500495650003200520700003000552810003700582830004500619CHAP20220817043535.0990527d mx a r 00110 spa d a78008 a78980 a89098 cCHAP04a581.634bM4300aMendoza Castelán, Guillermo.10aUso terapéutico de las plantas medicinales del cerro Tetzcutzingo, municipio de Texcococ/por Guillermo Mendoza Castelán y José García Pérez aChapingo, Méx. :bUACH. Departamento de Fitotecnia,c199?. a180 p. :bilus. ; cuadros ; tablas21aUACH. Departamento de Fitotecnia 0aSerie : materiales para la docenciav; 114aBotánica médica.14aBotánicaxMéxico (Edo.)0 aGarcía Pérez, José.00aUACH. Departamento de Fitotecnia00aSerie : materiales para la docenciav; 1